00565nam a2200169 i 450000100060000000300090000600500170001500700030003200800410003510000280007624501300010426000650023430000250029970000170032470000330034185200210037475154ES-MaACL20230906172343.0t|040922s1907 fr ||||1| fre d1 aGoodnow, Frank Johnson.14aLes principes du droit administratif des Etats-Unis / cpar Frank J. Goodnow ; traduction français par A. et Gaston Jèze. a[S.l ; aLaval : bs.n., c1907] (eLaval : fL. Barnéoud) aX, 613 p. ; c22 cm.1 aJéze, Alb.1 aJèze, Gaston (d1869-1953) aES-MaACLjF-3117